00227nam a22000977a 4500082001500000100002200015245003400037260003200071300000800103650001800111 a270.82 BEN aBent, A J Van Der aThe Utopia of World Community aU.K.bS C M Press ltdc1973 a150 aEcumenicalism